| 000 | 00809nam a2200193 a 4500 | ||
|---|---|---|---|
| 003 | 0 | ||
| 005 | 20250623115405.0 | ||
| 008 | 021119s19uu xx 00 eng d | ||
| 050 |
_aPHS HV 5132 _b.G66 1999 |
||
| 100 | _aGonzales, Denise Christine S. | ||
| 245 |
_aThe Profiles of five wife members of alcoholics anonymous as affected by their alcoholic husbands / _cDenise Christine S. Gonzales. |
||
| 260 |
_aLas PiƱas City, Philippines : _bSouthville International School and Colleges, _c1999. |
||
| 300 |
_a52 pages ; _c28 cm. |
||
| 504 | _aIncludes bibliographical references. | ||
| 650 |
_aWives of alcoholics _zPhilippines _xCase studies. |
||
| 650 |
_aFamilies of alcoholics _zPhilippines _xPsychological aspects. |
||
| 650 |
_aSpouses of alcoholics _zPhilippines _xSocial conditions. |
||
| 942 |
_2lcc _cPASS |
||
| 999 |
_c96260 _d96260 |
||